00345nam a2200145Ia 4500008004100000020001500041041001200056082001600068100001700084245002500101250000800126260003700134300000900171650001900180221030s9999 xx 000 0 und d a812590638X aEnglish a105.23bPan aI. M. Pandey 0aFinancial Management a8th bVikas Pub HouseaNew Delhic2003 a1226 aMCA Management